000 00204nam a2200109Ia 4500
100 _a#N/A
942 _cBK
654 _adigital design
245 _aDigital Design 2
260 _b#N/A
546 _aENGLISH
999 _c25302
_d25302